Percutaneous Penetration Enhancers Physical Methods in Penetration Enhancement (Post nr. 6412)

MARC-detaljer
000 -LEADER
fixed length control field 03070nam a22004455i 4500
001 - CONTROL NUMBER
control field 60536
005 - DATE AND TIME OF LATEST TRANSACTION
control field 20200226102530.0
007 - PHYSICAL DESCRIPTION FIXED FIELD--GENERAL INFORMATION
fixed length control field cr nn 008mamaa
008 - FIXED-LENGTH DATA ELEMENTS--GENERAL INFORMATION
fixed length control field 170504s2017 gw | s |||| 0|eng d
020 ## - INTERNATIONAL STANDARD BOOK NUMBER
International Standard Book Number 9783662532737
-- 978-3-662-53273-7
024 7# - OTHER STANDARD IDENTIFIER
Standard number or code 10.1007/978-3-662-53273-7
Source of number or code doi
035 ## - SYSTEM CONTROL NUMBER
System control number (DE-He213)978-3-662-53273-7
050 #4 - LIBRARY OF CONGRESS CALL NUMBER
Classification number RL1-803
072 #7 - SUBJECT CATEGORY CODE
Subject category code MJK
Source bicssc
072 #7 - SUBJECT CATEGORY CODE
Subject category code MED017000
Source bisacsh
082 04 - DEWEY DECIMAL CLASSIFICATION NUMBER
Classification number 616.5
Edition number 23
245 10 - TITLE STATEMENT
Title Percutaneous Penetration Enhancers Physical Methods in Penetration Enhancement
Medium [electronic resource] /
Statement of responsibility, etc. edited by Nina Dragicevic, Howard I. Maibach.
264 #1 - PRODUCTION, PUBLICATION, DISTRIBUTION, MANUFACTURE, AND COPYRIGHT NOTICE
Place of production, publication, distribution, manufacture Berlin, Heidelberg :
Name of producer, publisher, distributor, manufacturer Springer Berlin Heidelberg :
-- Imprint: Springer,
Date of production, publication, distribution, manufacture, or copyright notice 2017.
300 ## - PHYSICAL DESCRIPTION
Extent XVII, 508 p. 126 illus., 47 illus. in color.
Other physical details online resource.
336 ## - CONTENT TYPE
Content type term text
Content type code txt
Source rdacontent
337 ## - MEDIA TYPE
Media type term computer
Media type code c
Source rdamedia
338 ## - CARRIER TYPE
Carrier type term online resource
Carrier type code cr
Source rdacarrier
347 ## - DIGITAL FILE CHARACTERISTICS
File type text file
Encoding format PDF
Source rda
505 0# - FORMATTED CONTENTS NOTE
Formatted contents note Sonophoresis In Penetration Enhancement -- Iontophoresis In Penetration Enhancement -- Electroporation In Penetration Enhancement -- Novel Electrochemical Devices -- Different Waves In Penetration Enhancement -- The Use Of Magnetic Fields In Penetration Enhancement -- Moxibustion In Penetration Enhancement -- Vesicles Under Voltage In Penetration Enhancement -- Neddle-Free Jet Injections -- Removing Or Bypassing The Stratum Corneum -- Combination Of Different Physical Methods In Penetration Enhancement -- Combination Of Passive (Chemical) And Active (Physical) Methods In Penetration Enhancement -- Physical Methods For Transdermal Delivery Of Peptides And Proteins -- Physical Methods In Intradermal Vaccination And Gene Delivery.
520 ## - SUMMARY, ETC.
Summary, etc. Percutaneous Penetration Enhancers in a mini-series format comprising five volumes, represents the most comprehensive reference on enhancement methods – both well established and recently introduced – in the field of dermal/transdermal drug delivery. In detail the broad range of both chemical and physical methods used to enhance the skin delivery of drugs is described. All aspects of drug delivery and measurement of penetration are covered, and the latest findings are provided on skin structure and function, mathematics in skin permeation, and modern analytical techniques adapted to assess and measure penetration. In offering a detailed description of the methods currently in use for penetration enhancement, this book will be of value for researchers, pharmaceutical scientists, practitioners, and also students.
650 #0 - SUBJECT ADDED ENTRY--TOPICAL TERM
Topical term or geographic name entry element Medicine.
650 #0 - SUBJECT ADDED ENTRY--TOPICAL TERM
Topical term or geographic name entry element Pharmacology.
650 #0 - SUBJECT ADDED ENTRY--TOPICAL TERM
Topical term or geographic name entry element Dermatology.
650 14 - SUBJECT ADDED ENTRY--TOPICAL TERM
Topical term or geographic name entry element Medicine & Public Health.
650 24 - SUBJECT ADDED ENTRY--TOPICAL TERM
Topical term or geographic name entry element Dermatology.
650 24 - SUBJECT ADDED ENTRY--TOPICAL TERM
Topical term or geographic name entry element Pharmacology/Toxicology.
700 1# - ADDED ENTRY--PERSONAL NAME
Personal name Dragicevic, Nina.
Relator term editor.
700 1# - ADDED ENTRY--PERSONAL NAME
Personal name I. Maibach, Howard.
Relator term editor.
710 2# - ADDED ENTRY--CORPORATE NAME
Corporate name or jurisdiction name as entry element SpringerLink (Online service)
773 0# - HOST ITEM ENTRY
Title Springer eBooks
776 08 - ADDITIONAL PHYSICAL FORM ENTRY
Relationship information Printed edition:
International Standard Book Number 9783662532713
856 40 - ELECTRONIC LOCATION AND ACCESS
Uniform Resource Identifier <a href="http://dx.doi.org/10.1007/978-3-662-53273-7">http://dx.doi.org/10.1007/978-3-662-53273-7</a>
912 ## -
-- ZDB-2-SME

Inga exemplar finns tillgängliga.

Medicinska biblioteket, Karlskoga lasarett
Måndag och onsdag: 10.00-14.30, Lunchstängt 11.30-12.00.
Fredagar: 10.00-12.00.

Madelene Ribbing, bibliotekarie
Lena Mileraux, biblioteksassistent/administratör
0586-664 49
medbibl.kgalas@regionorebrolan.se




Medicinska biblioteket, Lindesbergs lasarett
Dörren till bibliotket är upplåst mellan 07-16:00 på vardagar.
Dörren i hisshallen är öppen måndag - tosdag 7.00 - 15.00. Fredagar stängt.

Bibliotekets bemanning:
Mån: självbetjäning
Tis, ons och tors: 10-15
Fre: självbetjäning

Madelene Ribbing, bibliotekarie
Telefon: 0581-853 11, 072-14 77 552
medbibl.lbglas@regionorebrolan.se